000 01020nam a22003137a 4500
001 7531
003 FISKH
005 20250723110352.0
008 250723b cb ||||| |||| 00| 0 eng d
040 _aFISKH
_beng
_cFISKH
_dFISKH
050 _aPZ7.A45 A
082 _a428.1
100 _aAmery, Heather
245 _aAlphabet book /
_cHeather Amery ; Illustrated by Stephen Cartwright ; Edited by Jenny Tyler ; Designed by Amanda Barlow
250 _aFirst publised in America March 1998
260 _aLondon
_bUsborne Publishing,
_c1997
300 _a32 unnumbered pages ;
_bcolor illustrations ;
_c29 cm
490 _aUsborne Farmyard Tales
505 _aE
520 _aFind the little yellow duck on each page.
521 8 _a160
_bLexile estimate
521 8 _aE
_bRaz-Plus
650 _aAlphabet
_vChildren
_xPicture Book
700 _aCartwright, Stephen
_eillustrator
700 _aTyler, Jenny
_eEditor
700 _aBarlow, Amanda
_eDesigner
942 _2ddc
_cBK
_n0
999 _c7531
_d7531